Spell the Marvel Character #113 - Statistics

General Stats
  • This quiz has been taken 22 times
  • The average score is 12 of 14
Answer Stats
Picture Answer % Correct
Mister Fantastic
100%
Colossus
94%
Ironheart
94%
Phoenix
94%
Agent Venom
89%
Namor the Sub-Mariner
89%
Tigra
89%
Captain Marvel
83%
Lockjaw
83%
Valkyrie
83%
Excalibur
72%
American Dream
67%
Red Dagger
61%
Abigail Brand
50%
No matching quizzes found
Score Distribution
Percent of People with Each Score
Percentile by Number Answered
Your Score History
You have not taken this quiz